La historia de todos : 30 años de lucha inclaudicable.

Guardado en:
Autor Corporativo: Instituto Movilizador de Fondos Cooperativos.
Formato: Libro
Idioma:Spanish
Publicado: Buenos Aires : Instituto Movilizador de Fondos Cooperativos, [1988]
Materias:
Etiquetas: Agregar Etiqueta
Sin Etiquetas, Sea el primero en etiquetar este registro!
LEADER 00587nam a22001575a 4500
001 EAD.ead001949
008 091209s1988####ag#ao#########000#0#spa#d
005 20101001171848.0
245 1 3 |a La historia de todos :  |b 30 años de lucha inclaudicable. 
260 |a Buenos Aires :  |b Instituto Movilizador de Fondos Cooperativos,  |c [1988] 
300 |a 71 p. :  |b il. ;  |c 23 cm. 
500 |a "Aniversario del IMFC"--Tapa. 
110 2 |a Instituto Movilizador de Fondos Cooperativos. 
082 0 4 |a 334.2  |2 21 
650 7 |a Cooperativas.  |2 unbist 
859 |a AR-BaBDC  |b BIB. ADMINISTRACION GABCOOP - Libros  |h 334.2  |i In7  |p g00974